像风的记忆 (Record no. 10589)

000 -LEADER
fixed length control field 00453nam a22001817a 4500
003 - CONTROL NUMBER IDENTIFIER
control field MPLRDC
005 - DATE AND TIME OF LATEST TRANSACTION
control field 20220104123335.0
008 - FIXED-LENGTH DATA ELEMENTS--GENERAL INFORMATION
fixed length control field 210129b ||||| |||| 00| 0 eng d
082 ## - DEWEY DECIMAL CLASSIFICATION NUMBER
Classification number 868.71 YL
100 ## - MAIN ENTRY--PERSONAL NAME
Personal name 叶蕾
245 ## - TITLE STATEMENT
Title 像风的记忆
Statement of responsibility, etc.
250 ## - EDITION STATEMENT
Edition statement 初版
260 ## - PUBLICATION, DISTRIBUTION, ETC.
Place of publication, distribution, etc. 马来西亚
Name of publisher, distributor, etc. 雪隆海南会馆
Date of publication, distribution, etc. 1997
300 ## - PHYSICAL DESCRIPTION
Other physical details 174
490 ## - SERIES STATEMENT
Series statement 珠崖文学奖丛书之四
650 ## - SUBJECT ADDED ENTRY--TOPICAL TERM
Topical term or geographic name entry element 马华文学--散文集
942 ## - ADDED ENTRY ELEMENTS (KOHA)
Koha item type Book
-- 868.71 YL
Holdings
Withdrawn status Lost status Source of classification or shelving scheme Damaged status Not for loan Collection code Home library Current library Shelving location Date acquired Cost, normal purchase price Total Checkouts Total Renewals Full call number Barcode Date last seen Date last checked out Price effective from Koha item type Public note
            Malaysian Public Library, Research and Development Centre Malaysian Public Library, Research and Development Centre   10/12/2007 10.00   2 868.71 YL 00010602 17/03/2021 27/02/2016 17/03/2021 Book mplrdc

© 2022. Malaysian Public Library, Research and Development Centre. All Right ReservedE-mailmplrdc@help.edu.my 

Powered by Koha